000 00425nam a22001337a 4500
008 230817b |||||||| |||| 00| 0 eng d
020 _a978-1473304109
050 _aSF600
_b.Y68 2011
100 _aYouatt, William
245 _aOn the diseases of livestock :
_bA guide to the methods and equipment of livestock keeping /by
_cWilliam Youatt
260 _bHome Farm Books Publication
_c2011
300 _a48p.
942 _2lcc
_cBK
999 _c20247
_d20246